000 00545nam a2200181 a 4500
001 3737
005 20140414131945.0
008 061009s19uu xx 00 eng d
020 _a0-590-96375-9
050 _aTR 372.3
_bG939 1996
100 _aGuevarra-Chang, Maria L.
245 _aScience, grades 1-3 /
_cby Maria L. Gueverra-Chang.
260 _aNew York :
_bScholastic Professional Books,
_c1996.
300 _a48 p. : ill. ; cm.
440 _aQuick-and-Easy Learning Games
650 _aSciences
_xStudy and teaching.
999 _c112661
_d112661